Examen critique des doctrines de la religion chrétienne / (Record no. 157156)

MARC details
000 -LEADER
campo de control de longitud fija 00721nam a22002055i 4500
001 - NÚMERO DE CONTROL
campo de control 157156
003 - IDENTIFICADOR DE NÚMERO DE CONTROL
campo de control ES-MaACL
005 - FECHA Y HORA DE LA ÚLTIMA TRANSACCIÓN
campo de control 20250801034205.0
008 - DATOS DE LONGITUD FIJA--INFORMACIÓN GENERAL
campo de control de longitud fija 040809s1864 fr |||| | fre d
040 ## - FUENTE DE CATALOGACIÓN
Centro catalogador/agencia de origen CAM
Lengua de catalogación spa
Centro/agencia transcriptor CAM
100 1# - ENTRADA PRINCIPAL--NOMBRE DE PERSONA
Nombre de persona Larroque, Patrice.
9 (RLIN) 128708
245 10 - MENCIÓN DEL TÍTULO
Título Examen critique des doctrines de la religion chrétienne /
Mención de responsabilidad, etc. par Patrice Larroque.
250 ## - MENCION DE EDICION
Mención de edición 3e. éd.
260 ## - PUBLICACIÓN, DISTRIBUCIÓN, ETC.
Lugar de publicación, distribución, etc. Paris :
Nombre del editor, distribuidor, etc. Librairie Internationale :
-- A. Lacroix, Verboeckhoven et Cie.,
Fecha de publicación, distribución, etc. 1864 (
Fabricante Imprimerie de Pompart-Davyl et Comp.)
300 ## - DESCRIPCIÓN FÍSICA
Extensión 2 v. ;
Dimensiones 19 cm.
597 ## - NOTA DE DESCRIPCIÓN FÍSICA
NOTA DE DESCRIPCIÓN FÍSICA T. I (425 p.) -- t. II (456 p.)
650 07 - PUNTO DE ACCESO ADICIONAL DE MATERIA--TÉRMINO DE MATERIA
Término de materia o nombre geográfico como elemento de entrada Cristianismo
Fuente del encabezamiento o término embne
9 (RLIN) 11425
852 ## - LOCALIZACIÓN
Ubicación ES-MaACL
Número de control de estantería D-4624-25
Nota libre -- Enc. hol.
Holdings
Estatus retirado Estado de pérdida Estado de daño No para préstamo Colección Biblioteca de origen Biblioteca actual Ubicación en estantería Fecha de adquisición Total de préstamos Signatura topográfica completa Código de barras Visto por última vez Precio de reemplazo Tipo de ítem Koha
        Libros del s. XIX Biblioteca del Ateneo de Madrid Biblioteca del Ateneo de Madrid Sala Valle Inclán 17/01/2008   D-4624-25 901164432 23/02/2023 23/02/2023 Libro impreso antiguo